000 00468nam a2200181Ia 4500
008 240925s9999 xx 000 0 und d
020 _a9781486011230
082 _a510 MCL
100 _aMcleod, Gael ; Coffey, David
245 0 _aMathematics
250 _a9th
260 _aAustralia:
_bPearson Educ
_c,2017.
300 _axx, 380p.
_bNA
_fOriginal
500 _aIncludes Index
600 _aHumanities & Natural Science
650 _aMathematics
942 _cBK
999 _c14922
_d14922